| 000 | 00000nam 2200000zi 4500 |
| 001 | 9.867781 |
| 003 | CaOODSP |
| 005 | 20221107162414 |
| 006 | m o d f |
| 007 | cr ||||||||||| |
| 008 | 190130t19651965onc #o f000 0 eng d |
| 040 | |aCaOODSP|beng|erda|cCaOODSP |
| 041 | |aeng|afre |
| 043 | |an-cn--- |
| 086 | 1 |aJ2-16/1965E-PDF|zJ2-1665 |
| 110 | 1 |aCanada. |bDepartment of Justice. |
| 245 | 14|aThe amendment of the Constitution of Canada / |cHonourable Guy Favreau, Minister of Justice. |
| 264 | 1|a[Ottawa, Canada] : |bRoger Duhamel, Queen's Printer and Controller of Stationery, |c1965. |
| 264 | 4|c©1965 |
| 300 | |a1 online resource (viii, 129 pages) |
| 336 | |atext|btxt|2rdacontent |
| 337 | |acomputer|bc|2rdamedia |
| 338 | |aonline resource|bcr|2rdacarrier |
| 500 | |a"February 1965." |
| 500 | |a"The British North American Act, 1867": pages 56-97. |
| 504 | |aIncludes bibliographic references. |
| 505 | 1 |aChapter I, The Constitution of Canada -- Chapter II, History of constitutional amendment in Canada -- Chapter III, History of efforts to find amending formula -- Chapter IV, The amending formulat explained -- Chapter V, The amending formulat, an appraisal -- Appendices |
| 520 | 0 |aWhite paper outlining the proposed formula for amending the Constitution of Canada. |
| 546 | |aIncludes some text in French. |
| 692 | 07|2gccst|aConstitution |
| 700 | 1 |aFavreau, Guy, |d1917-1967. |
| 710 | 12|aCanada.|tConstitution Act, 1867.|f1965. |
| 856 | 40|qPDF|s3.95 MB|uhttps://publications.gc.ca/collections/collection_2019/jus/J2-16-1965-eng.pdf |